01419agaaa2200289 45000010005000000030009000050050017000140070009000310080040000400400023000800410013001031000053001161300057001692450163002262500022003892600104004113000033005155110035005485200103005835380016006865460013007026500079007157000065007949420012008599990019008719520239008906395IT-RoPAU20220918181308.0d cvaizq50131s9999||||xx ||| | || ||und|| aIT-RoPAUcIT-RoPAU aITALIANO aMonge AttiliogCodice regista SPICS: 3643955333 aSANTA MESSA DA MILANO (CASA DI CURA S. PIO X)955334 aSANTA MESSA DA MILANO (CASA DI CURA S. PIO X)cDiretto da: Monge AttiliopSANTA MESSA DA MILANO (CASA DI CURA S. PIO X) (Rif. Codice opera principale : D6395) aEdizione Standard aROMA (ITALIA)bRAI - RADIO TELEVISIONE ITALIANA / g"1992 (1° ed.: 1992 ; Ed. Lingua Orig.: 1992)" aVHSbsonoro, col.c60 minuti a"Cronica; Ferdinando; Batazzi" aSANTA MESSA TRASMESSA DA MILANO DALLA CASA DI CURA S. PIO X. OMELIA DI PADRE DAVIDE MARIA TUROLDO. aPAL, STEREO aITALIANO aRELIGIOSOeTV-PROGRAMMI RELIGIOSI [VHS]xCodice MATERIA SPICS: 9963955335 aMonge Attilio e(regista)gCodice regista SPICS: 3643955336 cVH2ddc c108332d108332 0010406D_6395_00000000000000071aSPICSbSPICSd2015-01-31l0oD6395r2015-01-31 00:00:00w2015-01-31yVHzProgr. Ins.: 667 / N.Vol.:1 / Copie: 1 / Pag.: / Copia rara: n.d. / date import: 1.2.2015 / By Epidotti, Trombetti, Vaglietti